000 00764nam a2200253 a 4500
001 000044333
003 DO-SdBNP
005 20180326150918.0
007 000044333
008 140617s2013 dr a 000 0 spa d
020 _a9789945883176
040 _aBPMET
_bspa
_cBPMET
092 _axxxxxx
_bxxxxxx
100 1 _aEsquea, Rosa Francia
245 1 0 _aPiloncito y jalao /
_cRosa Francia Esquea ; ilustraciones Rebeca Jiménez Pintos.
260 _aSanto Domingo :
_bSantillana,
_c2013.
300 _a56 p. :
_bil. ;
_c19 cm.
490 1 _aAlfaguara infantil
700 1 _aJiménez Pintos, Rebeca,
_eils.
830 0 _aAlfaguara infantil
942 _2ddc
_cBK
945 _aRemanejado paral la BNPHU / 2018 VM
956 _aVMATEO
_b10
_c20150416
_lBPMSU
_h00151
999 _c7656
_d7656